Пути расширения сферы профессиональной деятельности выпускников специальности 080900; Технический университет: реформы в обществе и открытое образовательное пространство; Т. 2

Bibliographic Details
Parent link:Технический университет: реформы в обществе и открытое образовательное пространство: труды Международной научно-практической конференции, 14-17 мая 1996 г., Томск/ Томский политехнический университет.— , 1996
Т. 2.— 1996.— С. 49-50
Main Author: Редутинский Л. С.
Other Authors: Чубик П. С. Петр Савельевич
Language:Russian
Published: 1996
Subjects:
Format: Book Chapter
KOHA link:https://koha.lib.tpu.ru/cgi-bin/koha/opac-detail.pl?biblionumber=52296

MARC

LEADER 00000naa2a2200000 4500
001 52296
005 20251201161641.0
035 |a (RuTPU)RU\TPU\book\54803 
035 |a RU\TPU\book\54780 
090 |a 52296 
100 |a 20030528d1996 k y0rusy50 ca 
101 0 |a rus 
102 |a RU 
200 1 |a Пути расширения сферы профессиональной деятельности выпускников специальности 080900  |f Л. С. Редутинский, П. С. Чубик 
461 1 |0 (RuTPU)RU\TPU\book\127170  |t Технический университет: реформы в обществе и открытое образовательное пространство  |o труды Международной научно-практической конференции, 14-17 мая 1996 г., Томск  |o в 2 т.  |f Томский политехнический университет  |d 1996 
463 0 |0 (RuTPU)RU\TPU\book\13019  |t Т. 2  |v С. 49-50  |d 1996 
610 1 |a труды учёных ТПУ 
700 1 |a Редутинский  |b Л. С. 
701 1 |a Чубик  |b П. С.  |c российский геолог  |c профессор, ректор Томского политехнического университета ( с 2008 г.)  |f 1954-  |g Петр Савельевич  |3 (RuTPU)RU\TPU\pers\24546 
801 2 |a RU  |b 63413507  |c 20140423  |g PSBO 
942 |c BK